Evidence law adrift

Αποθηκεύτηκε σε:
Λεπτομέρειες βιβλιογραφικής εγγραφής
Κύριος συγγραφέας: Damaska, Mirjan R (Συγγραφέας)
Μορφή: Βιβλίο
Γλώσσα:Αγγλικά
Έκδοση: New Haven Yale University 1997
Θέματα:
Ετικέτες: Προσθήκη ετικέτας
Δεν υπάρχουν, Καταχωρήστε ετικέτα πρώτοι!

MARC

LEADER 00000nam a2200000 a 4500
001 UCJ2719
003 CL-VaPUC
008 070112e19970000us |||||||||||||||||eng|d
020 |a 0300069375 
082 0 4 |a 345.73  |b DAM  |2 21 
100 0 |a Damaska, Mirjan R  |e author  |9 503640 
245 1 0 |a Evidence law adrift 
300 |a 160 p 
942 |c BK 
945 |d 20070112 00:00:00  |a jtorresc 
260 |a New Haven  |b Yale University  |c 1997 
650 7 |a DERECHO PENAL  |2 CL-VaPUC  |9 11 
650 7 |a EVIDENCIA  |2 CL-VaPUC  |9 503641 
651 0 |a Estados Unidos  |9 255178 
583 |a last modification  |c 20180327 12:47:59  |k Rodrigo Vera 
999 |c 318853  |d 318851 
952 |0 0  |1 0  |4 0  |6 345_730000000000000_DAM_1997  |7 0  |8 A  |9 397047  |a BIBDER  |b BIBDER  |d 2019-11-22  |i 4286987  |o 345.73 DAM 1997  |p 4286987  |r 2019-11-22  |w 2019-11-22  |y BK  |k DER 
952 |0 0  |1 0  |4 0  |6 345_730000000000000_DAM_1997  |7 0  |8 A  |9 397048  |a BIBDER  |b BIBDER  |d 2019-11-22  |i 4585003  |o 345.73 DAM 1997  |p 4585003  |r 2023-01-25  |w 2019-11-22  |y BK  |k DER